000
00286nam a2200109Ia 4500
005
20260328104310.0
008
260328s9999||||xx |||||||||||||| ||und||
100
_a
Biamonti, Alessandro
245
0
_a
Atlas Ilustrado del DiseƱo /
_c
Alessandro Biamonti
260
_b
Susaeta
942
_c
BK
999
_c
10903
_d
10903